Suburbs in Sutherland Shire Council - Statistics

General Stats
  • This quiz has been taken 64 times
  • The average score is 32 of 42
Answer Stats
Population Answer % Correct
11,570 Sutherland
100%
17,899 Cronulla
97%
12,858 Caringbah
94%
17,736 Engadine
94%
8,213 Gymea
94%
10,419 Menai
94%
17,942 Miranda
94%
4,053 Como
91%
11,007 Kirrawee
91%
1,879 Taren Point
91%
5,060 Woolooware
91%
2,528 Kurnell
88%
6,148 Heathcote
84%
10,749 Sylvania
84%
1,375 Greenhills Beach
81%
6,632 Jannali
81%
4,190 Loftus
81%
6,983 Gymea Bay
78%
3,200 Sylvania Waters
78%
522 Waterfall
78%
13,168 Caringbah South
75%
1,405 Lilli Pilli
75%
5,689 Oyster Bay
75%
3,034 Grays Point
72%
2,043 Woronora
72%
2,103 Bundeena
69%
699 Dolans Bay
69%
3,053 Yowie Bay
69%
3,131 Alfords Point
66%
5,536 Bangor
66%
4,129 Barden Ridge
66%
602 Kangaroo Point
66%
3,572 Kareela
66%
0 Lucas Heights
66%
2,781 Woronora Heights
63%
2,775 Yarrawarrah
63%
3,719 Burraneer
59%
7,427 Illawong
59%
1,210 Port Hacking
59%
2,238 Bonnet Bay
56%
539 Maianbar
44%
597 Sandy Point
44%
No matching quizzes found
Score Distribution
Percent of People with Each Score
Percentile by Number Answered
Your Score History
You have not taken this quiz